000 00762cam a2200277 4500500
005 20260405002458.0
041 _afre
042 _adc
100 1 0 _aTesson, Sylvain
_eauthor
245 0 0 _aQuelle part d’enfance gardons-nous ?
260 _c2017.
500 _a13
690 _aÂge
690 _aClaude Ponti
690 _aEnfance
690 _aMaturité
690 _aMontaigne
690 _aNostalgie
690 _aRaphaël Enthoven
690 _aRousseau
690 _aSartre
690 _aSimone de Beauvoir
690 _aTaoïsme
786 0 _nPhilosophie magazine | 110 | 6 | 2017-06-01 | p. 16-16 | 1951-1787
856 4 1 _uhttps://shs.cairn.info/magazine-philosophie-magazine-2017-6-page-16?lang=fr&redirect-ssocas=7080
999 _c2058057
_d2058057